50 Longest Rivers in the World - Statistics

General Stats
  • This quiz has been taken 2,983 times
  • The average score is 22 of 50
Answer Stats
Rank Length River Letters of other answers % Correct
1 6,650 Nile m n s s w . . . .
99%
2 6,400 Amazon a s i o . . . . .
98%
4 6,275 Mississippi e l . n . . . . .
91%
6 5,464 Yellow b r g . . . i . .
89%
30 2,888 Danube a l g e a . . . .
88%
17 3,645 Volga h d ú n . a y . r
86%
9 4,700 Congo m n o e . . n . A
85%
3 6,300 Yangtze i n l . á . . . .
84%
34 2,620 Ganges m p s g a a . . .
79%
14 4,200 Niger u c g t r . . . i
78%
12 4,350 Mekong a g r n . a . . .
77%
27 3,057 Rio Grande o a u e y i . a .
70%
18 3,596 Shatt al-Arab a r o s r r . w e
69%
46 2,333 Colorado l i a g
68%
22 3,180 Indus ã r w t r T u . .
68%
31 2,693 Zambezi i a g D á . y . .
66%
7 5,410 Ob a n r . g z . . .
64%
10 4,444 Amur e k k r y i . - .
58%
15 3,672 Murray o l t i . . . c .
58%
8 4,880 Paraná o u a n n . . s .
58%
11 4,400 Lena e c e a t . l . .
57%
21 3,185 Yukon n o . e . a u t .
56%
13 4,241 Mackenzie i r a a . a . . .
55%
26 3,058 Saint Lawrence i w h b z . a . .
53%
5 5,539 Yenisei e . a o . . . e .
45%
29 2,948 Brahmaputra a m y u s r . . .
39%
48 2,287 Dnieper l a
36%
44 2,428 Ural r l n p . .
30%
45 2,348 Arkansas o e e n i
27%
23 3,180 São Francisco y l n G . p . . .
27%
38 2,549 Paraguay o l u m . . s . .
25%
16 3,650 Tocantins o a e s . . n a .
25%
24 3,078 Syr Darya a i . r a . . . .
24%
19 3,380 Madeira u k u F a n a d g
22%
35 2,620 Amu Darya a l a m m . . . .
21%
25 3,060 Salween a o e m e i . . .
20%
20 3,211 Purús u d . D e L n n r
17%
37 2,570 Nelson a l c n . . . . .
12%
28 2,989 Lower Tunguska r n b u a . y . .
11%
50 2,270 Ubangi
11%
39 2,513 Kolyma i t i á . a o . .
10%
36 2,615 Japurá e r y o . . . . .
7%
49 2,273 Aldan b
6%
33 2,627 Araguaia a u u o u . y . .
6%
43 2,410 Juruá r k o y e . .
6%
40 2,500 Pilcomayo a h u . s d . . .
6%
32 2,650 Vilyuy r n . r n a . o .
6%
42 2,450 Ishim u a a r o r . .
5%
47 2,292 Olenyok n d n
4%
41 2,490 Katun s r l n a k . . .
3%
No matching quizzes found
Score Distribution
Percent of People with Each Score
Percentile by Number Answered
Your Score History
You have not taken this quiz